La fiesta mexicana (Record no. 104947)

MARC details
000 -LEADER
fixed length control field 00819cam a2200229 4500
005 - DATE AND TIME OF LATEST TRANSACTION
control field 20260305093115.0
008 - FIXED-LENGTH DATA ELEMENTS--GENERAL INFORMATION
fixed length control field 260113b mx |||||||| |||| 00| 0 spa d
020 ## - INTERNATIONAL STANDARD BOOK NUMBER
International Standard Book Number 9786077454069 (Secretaria de Cultura, t.2)
020 ## - INTERNATIONAL STANDARD BOOK NUMBER
International Standard Book Number 9786077454045 ( Secretaria de Cultura, o.c.)
020 ## - INTERNATIONAL STANDARD BOOK NUMBER
International Standard Book Number 9786071642356 (FCE, t.2)
020 ## - INTERNATIONAL STANDARD BOOK NUMBER
International Standard Book Number 9786071642332 (FCE, o.c.)
050 04 - LIBRARY OF CONGRESS CALL NUMBER
Classification number GT4814.A2
Item number F54 2016
245 03 - TITLE STATEMENT
Title La fiesta mexicana
Statement of responsibility, etc / coordinadores Enrique Florescano, Bárbara Santana
250 ## - EDITION STATEMENT
Edition statement 1a ed.
260 ## - PUBLICATION, DISTRIBUTION, ETC. (IMPRINT)
Place of publication, distribution, etc México :
Name of publisher, distributor, etc Secretaría de Cultura :
-- Fondo de Cultura Económica,
Date of publication, distribution, etc 2016
300 ## - PHYSICAL DESCRIPTION
Extent 2 v. :
Other physical details il. ;
Dimensions 21 cm.
490 0# - SERIES STATEMENT
Series statement Biblioteca Mexicana
504 ## - BIBLIOGRAPHY, ETC. NOTE
Bibliography, etc Bibliografía : p. 437-440
651 #7 - SUBJECT ADDED ENTRY--GEOGRAPHIC NAME
Source of heading or term lemb
Geographic name México
General subdivision Festivales populares
651 #7 - SUBJECT ADDED ENTRY--GEOGRAPHIC NAME
Source of heading or term lemb
Geographic name México
General subdivision Días festivos
942 ## - ADDED ENTRY ELEMENTS (KOHA)
Source of classification or shelving scheme Biblioteca del Cogreso de los Estados Unidos
Koha item type Libro
Holdings
Estado de pérdida Fuente de clasificación Estado del daño No para préstamo Ubicación permanente Ubicación actual Apartado o colección Fecha de adquisición Edición Área del conocimiento Total Checkouts Clasificación Código de Barras Date last seen Número de copia Costo por reposición Tipo de recurso
  Biblioteca del Cogreso de los Estados Unidos     Biblioteca de la Facultad de Letras Biblioteca de la Facultad de Letras General 05/03/2026 1a ed. Ciencias Sociales y Administrativas   GT4814.A2 F54 2016 LLH000010373 05/03/2026 1 1.00 Libro